| 000 | 01182nam0a22002531 4500 | ||
|---|---|---|---|
| 001 | rc\85357 | ||
| 005 | 20260406105357.0 | ||
| 035 | _a(NLR Aleph) 005353510 | ||
| 090 |
_a6822370 _c6822370 |
||
| 100 | _a20021216d1994 |||y0rusy50 ca | ||
| 101 | 0 | _arus | |
| 102 | _aRU | ||
| 105 | _aa ||||||||| | ||
| 200 | 1 |
_aПОВЫШЕНИЕ качества и надежности технологического оборудования в торговле и общественном питании _eСб. науч. тр. _fКом. Рос. Федерации по торговле. С.-Петерб. торг.-экон. ин-т. Каф. торг.-технол. оборуд. _gПод ред. [к. т. н.] Гуляева В.А. |
|
| 210 |
_aСПб. _cСПбТЭИ _d1994 |
||
| 215 |
_a118 с. _cил. _d20 |
||
| 320 | _aБиблиогр. в конце ст. | ||
| 702 | 1 |
_aГуляев _bВ.А. _gВиталий Андреевич _4340 |
|
| 712 | 0 | 2 |
_aСанкт-Петербургский торгово-экономический институт _3RU\NLR\AUTH\884309 _9280041 |
| 801 | 0 |
_aRU _bNLR _gpsbo |
|
| 801 | 1 |
_aRU _bELAR _2rusmarc |
|
| 852 |
_aNLR _j94-3/3137 |
||
| 942 | _cBOOK | ||
| 980 | _aNB | ||